| 000 | 00971cam a22003011 4500 | ||
|---|---|---|---|
| 001 | 7468441 | ||
| 003 | SISC | ||
| 005 | 20160304134721.0 | ||
| 008 | 770114s1957 enkbj 000 0 eng | ||
| 010 | _a 57002659 | ||
| 015 | _aGB57-3959 | ||
| 020 | _a9780415026857 | ||
| 035 | _a(OCoLC)2679591 | ||
| 040 |
_aDLC _cNcBoA _dOCoLC _dUk _dNSbSU _dDLC |
||
| 042 | _apremarc | ||
| 050 | 0 | 0 |
_aPR 2816 _b.Sh527ki 1957 |
| 082 |
_aHS 822.33W5 _bSh1 1995 |
||
| 100 | 1 |
_aShakespeare, William, _d1564-1616. _913568 |
|
| 245 | 1 | 4 |
_aThe second part of King Henry VI / _c[William Shakespeare] ; edited by Andrew S. Cairncross. |
| 260 |
_aCroatia : _bMethuen & Co. Ltd., _cc1957. |
||
| 300 |
_aliv, 197 p. : _c20 cm. |
||
| 490 | 0 | _aThe Arden Shakespeare | |
| 600 | 0 | 0 |
_aHenry _bVI, _cKing of England, _d1421-1471 _vDrama. _913569 |
| 700 | 1 |
_aCairncross, A. S. _q(Andrew Scott), _eed. _913570 |
|
| 906 |
_a7 _bcbc _coclcrpl _du _encip _f19 _gy-gencatlg |
||
| 942 |
_2lcc _cBK |
||
| 999 |
_c9421 _d9421 |
||